Qaṭāyif al-laṭāyif /

محفوظ في:

المؤلف الرئيسي: Ṣāḥib, Rōsa (مؤلف)

التنسيق: كتاب

اللغة: Arabic

منشور في: Miṣr : Maṭbaʻat al-Taʼlīf, 1894.

الطبعة: al-Tābaʻā al-thānīya.

الموضوعات:

الوسوم: إضافة وسم

لا توجد وسوم, كن أول من يضع وسما على هذه التسجيلة!

رقم الطلب: DLIR

LEADER 01401nam a2200349Ka 4500
001 8347
005 20200308151250.0
008 130303s1894 ua e 000 0 ara d
952 |0 0  |1 0  |2 lcc  |4 0  |7 1  |9 25095  |a ARCE  |b ARCE  |d 2022-01-25  |l 0  |r 2022-01-25 00:00:00  |w 2022-01-25  |y BK 
999 |c 7143  |d 7143 
035 |a ocm39881172 
040 |a CLE  |c CLE 
043 |a f-ua--- 
049 |a ARCE 
092 |a 892.78  |b R71k 
099 |a DLIR 
100 1 |6 880-01  |a Ṣāḥib, Rōsa,  |e author. 
245 1 0 |6 880-02  |a Qaṭāyif al-laṭāyif /  |c Rōsa Ṣāḥib. 
250 |a al-Tābaʻā al-thānīya. 
264 1 |a Miṣr :  |b Maṭbaʻat al-Taʼlīf,  |c 1894. 
300 |a 2 volume ;  |c 24 cm 
336 |a text  |b txt  |2 rdacontent 
337 |a unmediated  |b n  |2 rdamedia 
338 |a volume  |b nc  |2 rdacarrier 
650 0 |a Arabic literature  |z Egypt. 
880 1 |6 100-01/(3/r  |a صاحب ، روزا.‪‪‪‪‪‪‪‪‪‪‪‪‪‪‪‪‪‪‪‪‪‪‪‪‪‪ 
880 1 0 |6 245-02/(3/r  |a قطايف اللطايف /‪‪‪‪‪‪‪‪‪‪‪‪‪‪‪‪‪‪‪‪‪‪‪‪‪‪  |c روزا صاحب.‪‪‪‪‪‪‪‪‪‪‪‪‪‪‪‪‪‪‪‪‪‪‪‪‪‪ 
907 |a .b24426118  |b 02-04-08  |c 01-30-08 
942 |c BK  |2 lcc 
945 |g 1  |i mq243132  |l 1arce  |o z  |p $0.00  |q    |r    |s w  |t 0  |u 0  |v 0  |w 0  |x 0  |y .i31502106  |z 02-04-08 
949 |c arcesim 
998 |b 01-30-08  |c m  |d -  |i 1